|
|
|
|
| LEADER |
00000ny a22000003n 4500 |
| 005 |
20110621134446.0 |
| 008 |
000303t1986 us f 000 0 eng c |
| 020 |
|
|
|a 9780028659864
|
| 035 |
|
|
|a 2709
|
| 040 |
|
|
|a NoBUC
|d vLex
|
| 080 |
|
|
|a 342
|
| 080 |
|
|
|a 342.4(73)(03)
|
| 090 |
|
|
|c 955
|d 955
|
| 245 |
0 |
0 |
|a Encyclopedia of the American Constitution
|h [Recurso electrn̤ico]
|c Leonard W. Levy editor in chief; Kenneth L. Karst associate editor; Dennis J. Mahoney assistant editor
|
| 256 |
|
|
|a Servicio en ln̕ea
|
| 260 |
|
|
|a New York :
|b MacMillan Publishing Company ;
|a London :
|b Collier MacMillan Publishers,
|c cop.1986
|
| 300 |
|
|
|a 4 v. ;
|c 28 cm
|
| 500 |
|
|
|a Contiene: v.1 Abba-Cons.; v.2 Cons-Isla.; v.3 Jack-Rutl.;v.4 Sacc-Zurc
|
| 506 |
1 |
|
|a Contenido solo disponible en los productos indicados
|d vLex Global
|d vLex Global (Academic Edition, excluding Law Schools)
|d vLex Global (Academic Edition, Law Schools)
|
| 650 |
0 |
4 |
|a Derecho constitucional
|z Estados Unidos
|
| 650 |
0 |
4 |
|a Philosophy of the Law
|
| 651 |
|
4 |
|a Estados Unidos.
|x Constitution
|y 1787
|
| 700 |
1 |
|
|a Karst, Kenneth L.
|
| 700 |
1 |
|
|a Levy, Leonard W.
|q (Leonard Williams),
|d 1923-2006
|
| 700 |
1 |
|
|a Mahoney, Dennis J.
|
| 740 |
0 |
|
|a vLex Libros (Servicios en ln̕ea)
|
| 856 |
4 |
0 |
|u http://vlex.com/source/2709
|z Acceso restringido
|
| 942 |
|
|
|c BOOK
|
| 999 |
0 |
4 |
|a Derecho constitucional
|z Estados Unidos
|
| 999 |
0 |
4 |
|a Estados Unidos
|t Constitucin̤, 1787
|